Statistics for Nominees For The Best Goalkeeper Save For The Season 2014/15

Click here to take the quiz!

General Stats

  • This quiz has been taken 18 times
  • The average score is 3 of 10

Answer Stats

GoalkeeperAgainst% Correct
Manuel NeuerVS Roma
83%
Ginaluigi BuffonVS Barcelona
72%
Thibaut CourtoisVS PSG
67%
Marc Andre Ter StegenVS Bayern Munich
61%
Joe HartVS Barcelona
28%
Denys BoykoVS Sevilla
0%
Jakob BuskVS Germany U21
0%
Kasper SchmeichelVS Serbia
0%
Oleh KudrykVS Anderlecht U19
0%
Sergio RicoVS Dnipro
0%

Score Distribution

Percentile by Number Answered

Percent of People with Each Score

Your Score History

You have not taken this quiz